[Event "European Women-ch 2023"]
[Site "Petrovac"]
[Date "2023.03.21"]
[Round "4.1"]
[White "Mamedjarova, Turkan"]
[Black "Vidic, Teja"]
[Result "1-0"]
[WhiteElo "2229"]
[BlackElo "2097"]
[Annotator "TA"]
[PlyCount "79"]
[EventDate "2023.03.15"]
[EventType "swiss"]
[EventCountry "MNE"]
[SourceTitle "playchess.com"]
[Source "ChessBase"]
[SourceQuality "1"]

1. e4 e5 2. Nf3 Nc6 3. Bc4 Nf6 4. Nc3 Nxe4 5. Nxe4 d5 6. Bd3 dxe4 7. Bxe4 Bd6 8. c3 O-O 9. O-O Bg4 10. h3 Bh5 11. Qb3 Kh8 12. Qxb7 Rb8 13. Qxc6 f5 14. Nxe5 Be8 15. Qc4 Bxe5 16. Bc6 Bf7 17. Qc5 Qf6 18. b3 Bd6 19. Qa5 g5 20. d3 Rb6 21. Be3 Be5 22. d4 Bd6 23. d5 g4 24. Bd4 Be5 25. Bxe5 Qxe5 26. Qc5 Rg8 27. Rfe1 Qg7 28. hxg4 Qxg4 29. Qd4+ Qxd4 30. cxd4 Bh5 31. Kf1 Rb4 32. f3 Rxd4 33. Rad1 Rh4 34. Kf2 Rh2 35. Rg1 f4 36. Rd4 Rf8 37. Ra4 Rg8 38. Rxf4 a5 39. Ra4 Rf8 40. Kg3 1-0

[Event "European Women-ch 2023"]
[Site "Petrovac"]
[Date "2023.03.21"]
[Round "4.2"]
[White "Zawadzka, Jolanta"]
[Black "Radeva, Viktoria"]
[Result "0-1"]
[WhiteElo "2391"]
[BlackElo "2247"]
[Annotator "TA"]
[PlyCount "98"]
[EventDate "2023.03.15"]
[EventType "swiss"]
[EventCountry "MNE"]
[SourceTitle "playchess.com"]
[Source "ChessBase"]
[SourceQuality "1"]

1. e4 c5 2. Nf3 a6 3. c4 Nc6 4. d4 cxd4 5. Nxd4 e5 6. Nf5 d6 7. Ne3 g6 8. Nc3 Be6 9. Bd3 Bh6 10. O-O Nf6 11. Nc2 Bxc1 12. Rxc1 Nh5 13. Qd2 Nf4 14. Kh1 h5 15. Rfd1 h4 16. Qe3 Qg5 17. Rg1 h3 18. g3 Nxd3 19. Qxd3 Qh5 20. b3 Bg4 21. Rge1 O-O 22. Re3 Rad8 23. f3 Be6 24. g4 Qh4 25. Rg1 Kg7 26. Rg3 Rh8 27. Re1 Kf8 28. Rd1 Qh7 29. g5 Qh4 30. Qe3 Qf4 31. Qb6 Rd7 32. Ne2 Qh4 33. Nb4 Ne7 34. Qe3 Kg7 35. Rf1 b5 36. cxb5 axb5 37. f4 Rc8 38. Qd3 d5 39. Qxb5 Kg8 40. Rd3 Qg4 41. Rg3 Qh4 42. exd5 Nxd5 43. Nxd5 Rxd5 44. Qa4 Rd2 45. Re1 Rxe2 46. Rxe2 Rc1+ 47. Rg1 Bd5+ 48. Re4 Qxf4 49. Qe8+ Kg7 0-1

[Event "European Women-ch 2023"]
[Site "Petrovac"]
[Date "2023.03.21"]
[Round "4.2"]
[White "Beydullayeva, Govhar"]
[Black "Kiolbasa, Oliwia"]
[Result "1/2-1/2"]
[WhiteElo "2388"]
[BlackElo "2406"]
[Annotator "TA"]
[PlyCount "75"]
[EventDate "2023.03.15"]
[EventType "swiss"]
[EventCountry "MNE"]
[SourceTitle "playchess.com"]
[Source "ChessBase"]
[SourceQuality "1"]

1. d4 d5 2. c4 e6 3. Nf3 Nf6 4. Nc3 Be7 5. Bf4 O-O 6. e3 b6 7. Bd3 Ba6 8. cxd5 Nxd5 9. Nxd5 Qxd5 10. O-O Bxd3 11. Qxd3 c5 12. e4 Qb7 13. d5 exd5 14. exd5 Nd7 15. Rfe1 Rfe8 16. Re2 Bf6 17. Rae1 Rxe2 18. Rxe2 h6 19. h4 Rd8 20. d6 Nf8 21. Bg3 b5 22. b3 Qc6 23. Nd2 Ne6 24. Ne4 Bd4 25. Qf3 Qd7 26. Rc2 Rc8 27. Qf5 Qb7 28. h5 c4 29. Qf3 Kh8 30. d7 Qxd7 31. Nd6 Rf8 32. bxc4 bxc4 33. Rxc4 Bc5 34. Qb7 Qxb7 35. Nxb7 Bd4 36. Kf1 f5 37. Bd6 Re8 38. Bb4 1/2-1/2

[Event "European Women-ch 2023"]
[Site "Petrovac"]
[Date "2023.03.21"]
[Round "4.2"]
[White "Slaba, Andrea"]
[Black "Gueci, Tea"]
[Result "1-0"]
[WhiteElo "2061"]
[BlackElo "2227"]
[Annotator "TA"]
[PlyCount "127"]
[EventDate "2023.03.15"]
[EventType "swiss"]
[EventCountry "MNE"]
[SourceTitle "playchess.com"]
[Source "ChessBase"]
[SourceQuality "1"]

1. Nf3 d5 2. d4 e6 3. c4 a6 4. cxd5 exd5 5. Nc3 h6 6. Bf4 Nf6 7. h3 Bd6 8. Bxd6 Qxd6 9. Qc2 O-O 10. e3 Be6 11. Bd3 Nbd7 12. O-O c5 13. dxc5 Nxc5 14. Nd4 Rac8 15. Rad1 Qe5 16. Qb1 Rfd8 17. Nce2 Nfe4 18. Nf4 Bd7 19. Nf3 Qe8 20. Nd4 Bc6 21. Rfe1 Rc7 22. f3 Nd6 23. Bf1 Re7 24. Kf2 a5 25. Rc1 Ne6 26. Ndxe6 fxe6 27. Bd3 g5 28. Ng6 Rg7 29. Ne5 Bb5 30. Ng4 Qf8 31. Nxh6+ Kh8 32. Ng4 Bxd3 33. Qxd3 Nf5 34. Qc3 Qd6 35. Qe5 Qb6 36. Nf6 Qd6 37. Qxd6 Nxd6 38. Ng4 Rdd7 39. Rc2 a4 40. Ne5 Rd8 41. Rec1 Nc4 42. Nd3 Ra8 43. Rh1 Rh7 44. g3 Rf8 45. b3 axb3 46. axb3 Nd6 47. g4 Ra8 48. Kg3 Ra3 49. Rb2 Nc4 50. bxc4 Rxd3 51. cxd5 exd5 52. Rhb1 Re7 53. Rb3 Rexe3 54. Rxd3 Rxd3 55. Rxb7 Kg8 56. Re7 Rd1 57. Re5 Kf7 58. Rxg5 Kf6 59. Rf5+ Kg6 60. h4 d4 61. h5+ Kg7 62. Kf4 d3 63. Rd5 Kf7 64. Ke3 1-0

[Event "European Women-ch 2023"]
[Site "Petrovac"]
[Date "2023.03.21"]
[Round "4.3"]
[White "Buksa, Nataliya"]
[Black "Khotenashvili, Bela"]
[Result "1/2-1/2"]
[WhiteElo "2405"]
[BlackElo "2491"]
[Annotator "TA"]
[PlyCount "140"]
[EventDate "2023.03.15"]
[EventType "swiss"]
[EventCountry "MNE"]
[SourceTitle "playchess.com"]
[Source "ChessBase"]
[SourceQuality "1"]

1. e4 e5 2. Nf3 Nc6 3. Bb5 a6 4. Ba4 Nf6 5. Nc3 Be7 6. d3 d6 7. a3 O-O 8. h3 b5 9. Bb3 Na5 10. Ba2 c5 11. O-O Be6 12. Bg5 Nc6 13. a4 Rb8 14. axb5 axb5 15. Bxf6 Bxf6 16. Nd5 Bxd5 17. Bxd5 Ne7 18. Bb3 Qc7 19. c3 c4 20. Bc2 Rfd8 21. d4 b4 22. Qc1 h6 23. d5 b3 24. Bd1 Nc8 25. Be2 Nb6 26. h4 Ra8 27. g3 Rxa1 28. Qxa1 Ra8 29. Qc1 Ra2 30. Qd2 Qc5 31. Rb1 Na4 32. Ne1 Nxb2 33. Rxb2 Qa3 34. Rxa2 bxa2 35. Nc2 Qb2 36. Qd1 Qxc3 37. Kg2 Bd8 38. Na1 Bb6 39. Qa4 Bxf2 40. Kxf2 Qxa1 41. Qe8+ Kh7 42. Qxf7 Qd4+ 43. Kf3 Qc5 44. Qf5+ Kg8 45. Qe6+ Kf8 46. Qf5+ Ke7 47. Qe6+ Kd8 48. Qg8+ Kc7 49. Qa8 c3 50. Bb5 Qxb5 51. Qa7+ Kd8 52. Qa8+ Ke7 53. Qa7+ Kf6 54. Qxa2 Qd3+ 55. Kf2 Qd2+ 56. Qxd2 cxd2 57. Ke2 g5 58. Kxd2 gxh4 59. gxh4 Kg6 60. Kd3 Kh5 61. Kc4 Kxh4 62. Kb5 Kg3 63. Kc6 h5 64. Kxd6 h4 65. Kxe5 h3 66. d6 h2 67. d7 h1=Q 68. d8=Q Qh5+ 69. Ke6 Qg4+ 70. Kf7 Qxe4 1/2-1/2

[Event "European Women-ch 2023"]
[Site "Petrovac"]
[Date "2023.03.21"]
[Round "4.3"]
[White "Zhapova, Yana"]
[Black "Narva, Mai"]
[Result "0-1"]
[WhiteElo "2269"]
[BlackElo "2389"]
[Annotator "TA"]
[PlyCount "72"]
[EventDate "2023.03.15"]
[EventType "swiss"]
[EventCountry "MNE"]
[SourceTitle "playchess.com"]
[Source "ChessBase"]
[SourceQuality "1"]

1. e4 c5 2. Nf3 Nc6 3. Bb5 g6 4. O-O Bg7 5. c3 Nf6 6. Re1 O-O 7. d4 d5 8. e5 Ne4 9. Bxc6 bxc6 10. Be3 Rb8 11. Qc1 cxd4 12. cxd4 Bf5 13. Nbd2 Qb6 14. b3 Qb5 15. h3 f6 16. exf6 exf6 17. Nf1 g5 18. N3d2 h6 19. h4 Rbe8 20. Nb1 Bg6 21. f3 Nd6 22. Nc3 Qb7 23. Qd2 Qb4 24. Rac1 f5 25. hxg5 f4 26. Bf2 hxg5 27. Rxe8 Rxe8 28. Ne4 Qxd2 29. Nexd2 Nb5 30. Rxc6 Bf7 31. g3 Nxd4 32. Rc5 Bf6 33. Nh2 fxg3 34. Bxg3 Ne2+ 35. Kg2 Nxg3 36. Kxg3 Be5+ 0-1

[Event "European Women-ch 2023"]
[Site "Petrovac"]
[Date "2023.03.21"]
[Round "4.3"]
[White "Koljevic, Nikolina"]
[Black "Sieber, Fiona"]
[Result "0-1"]
[WhiteElo "2042"]
[BlackElo "2217"]
[Annotator "TA"]
[PlyCount "132"]
[EventDate "2023.03.15"]
[EventType "swiss"]
[EventCountry "MNE"]
[SourceTitle "playchess.com"]
[Source "ChessBase"]
[SourceQuality "1"]

1. e4 c5 2. Nf3 d6 3. d4 cxd4 4. Nxd4 Nf6 5. Nc3 a6 6. g3 g6 7. Bg2 Bg7 8. O-O O-O 9. h3 Nc6 10. Be3 Bd7 11. f4 Nxd4 12. Bxd4 Bc6 13. Nd5 e6 14. Nxf6+ Bxf6 15. Bxf6 Qxf6 16. c3 Rfd8 17. Qd4 Qxd4+ 18. cxd4 e5 19. fxe5 dxe5 20. d5 Bb5 21. Rfc1 Rac8 22. Kf2 Kf8 23. Ke3 Ke7 24. h4 Bd7 25. b4 Kd6 26. Kd2 f5 27. h5 g5 28. exf5 Bxf5 29. Ke3 h6 30. Bf3 e4 31. g4 exf3 32. gxf5 Rf8 33. Rxc8 Rxc8 34. Kxf3 Kxd5 35. Re1 Rf8 36. Kg4 Rf6 37. Re7 b6 38. Rg7 Ke5 39. Rg6 Rd6 40. a3 b5 41. Kf3 Rd3+ 42. Ke2 Rxa3 43. f6 Ke6 44. Rxh6 Rh3 45. f7+ Kxf7 46. Rxa6 Rxh5 47. Rb6 g4 48. Kf2 Rg5 49. Kg3 Ke7 50. Ra6 Kd7 51. Rf6 Kc7 52. Re6 Kb7 53. Rf6 Rg8 54. Rf5 Kc6 55. Rc5+ Kb6 56. Rf5 Rg6 57. Re5 Rc6 58. Kxg4 Rc4+ 59. Kf3 Rxb4 60. Ke3 Rc4 61. Kd3 Rc1 62. Re2 Ka5 63. Re4 b4 64. Kd2 Rc8 65. Re7 Ka4 66. Rb7 Ka3 0-1

[Event "European Women-ch 2023"]
[Site "Petrovac"]
[Date "2023.03.21"]
[Round "4.4"]
[White "Guichard, Pauline"]
[Black "Rudzinska, Michalina"]
[Result "1-0"]
[WhiteElo "2379"]
[BlackElo "2212"]
[Annotator "TA"]
[PlyCount "75"]
[EventDate "2023.03.15"]
[EventType "swiss"]
[EventCountry "MNE"]
[SourceTitle "playchess.com"]
[Source "ChessBase"]
[SourceQuality "1"]

1. d4 Nf6 2. c4 c5 3. d5 b5 4. cxb5 a6 5. bxa6 e6 6. Nc3 exd5 7. Nxd5 Be7 8. g3 Nxd5 9. Qxd5 Rxa6 10. Nf3 Rd6 11. Qb3 Ba6 12. Bg2 Nc6 13. O-O Bxe2 14. Re1 Re6 15. Be3 Ba6 16. Qc3 c4 17. Nd4 Nxd4 18. Bxd4 Bf6 19. Bxf6 Qxf6 20. Qa3 Bc8 21. Qc5 Ba6 22. Qa3 Bc8 23. Bd5 Qd4 24. Bxe6 fxe6 25. Rad1 Qf6 26. Qc5 Bb7 27. Qc7 Bc6 28. Qc8+ Kf7 29. Qxh8 Qf3 30. Rxd7+ Bxd7 31. Qb8 g5 32. Qd6 Qb7 33. a4 Bc8 34. a5 Kg6 35. a6 Qxb2 36. a7 Bb7 37. Qxe6+ Kh5 38. Qe2+ 1-0

[Event "European Women-ch 2023"]
[Site "Petrovac"]
[Date "2023.03.21"]
[Round "4.4"]
[White "Mkrtchian, Lilit"]
[Black "Mammadzada, Gunay"]
[Result "1-0"]
[WhiteElo "2379"]
[BlackElo "2472"]
[Annotator "TA"]
[PlyCount "59"]
[EventDate "2023.03.15"]
[EventType "swiss"]
[EventCountry "MNE"]
[SourceTitle "playchess.com"]
[Source "ChessBase"]
[SourceQuality "1"]

1. c4 c6 2. Nf3 d5 3. e3 Nf6 4. Nc3 e6 5. d4 Nbd7 6. Be2 b6 7. O-O Bb7 8. Qc2 Be7 9. Rd1 O-O 10. e4 dxe4 11. Nxe4 Qc7 12. Nxf6+ Nxf6 13. c5 Rfd8 14. Bg5 a5 15. Bh4 bxc5 16. dxc5 Qf4 17. a3 a4 18. Rac1 Rd5 19. Rxd5 Nxd5 20. Bxe7 Nxe7 21. Rd1 Nd5 22. Rd4 Qf6 23. Bd1 Ra5 24. Rc4 Qe7 25. Qc1 Ba6 26. Rxa4 Rxc5 27. Qd2 Qb7 28. b4 Rc3 29. Ra5 h6 30. Rxd5 1-0

[Event "European Women-ch 2023"]
[Site "Petrovac"]
[Date "2023.03.21"]
[Round "4.4"]
[White "Tsotsonava, Elene"]
[Black "Ibrahimova, Sabina"]
[Result "1/2-1/2"]
[WhiteElo "2030"]
[BlackElo "2207"]
[Annotator "TA"]
[PlyCount "106"]
[EventDate "2023.03.15"]
[EventType "swiss"]
[EventCountry "MNE"]
[SourceTitle "playchess.com"]
[Source "ChessBase"]
[SourceQuality "1"]

1. e4 c5 2. Nf3 Nc6 3. Bb5 g6 4. O-O Bg7 5. Re1 Nh6 6. c3 O-O 7. d4 cxd4 8. cxd4 d6 9. h3 f6 10. Nc3 Nf7 11. Qa4 Nb8 12. d5 Nd7 13. Nd4 Nc5 14. Qd1 a6 15. Bf1 a5 16. Be3 Bd7 17. b3 Ng5 18. Bd3 Rc8 19. Rc1 b5 20. h4 b4 21. hxg5 bxc3 22. gxf6 Bxf6 23. Rxc3 Qb6 24. Rc1 Qb4 25. Rc4 Qb7 26. Bb1 Qa6 27. Qe2 Rc7 28. Bh6 Rfc8 29. f4 Bxd4+ 30. Rxd4 Qxe2 31. Rxe2 Nxb3 32. axb3 Rc1+ 33. Kh2 Rxb1 34. e5 Rcc1 35. Bg5 Rh1+ 36. Kg3 Rxb3+ 37. Kf2 Bb5 38. exd6 Bxe2 39. d7 Rb8 40. Bxe7 Bb5 41. d8=Q+ Rxd8 42. Bxd8 a4 43. Rb4 Be8 44. Bf6 Rd1 45. Bd4 a3 46. Ke2 Rc1 47. Rb8 Kf7 48. Rb7+ Kg8 49. Ra7 Rc4 50. Ke3 Ra4 51. Rg7+ Kf8 52. Rxh7 a2 53. Rh1 Bd7 1/2-1/2

[Event "European Women-ch 2023"]
[Site "Petrovac"]
[Date "2023.03.21"]
[Round "4.5"]
[White "Garifullina, Leya"]
[Black "Osmak, Yuliia"]
[Result "1/2-1/2"]
[WhiteElo "2372"]
[BlackElo "2445"]
[Annotator "TA"]
[PlyCount "156"]
[EventDate "2023.03.15"]
[EventType "swiss"]
[EventCountry "MNE"]
[SourceTitle "playchess.com"]
[Source "ChessBase"]
[SourceQuality "1"]

1. e4 c5 2. Nf3 d6 3. Bb5+ Nd7 4. d4 cxd4 5. Nxd4 Ngf6 6. O-O g6 7. Re1 Bg7 8. c4 O-O 9. Bxd7 Bxd7 10. Nc3 Rc8 11. b3 a6 12. a4 a5 13. h3 Bc6 14. Rb1 Re8 15. Ndb5 Nd7 16. Qc2 Nc5 17. Bf4 Bxb5 18. Nxb5 Qb6 19. Rbd1 Rcd8 20. Bd2 Na6 21. Qd3 Rc8 22. Qf3 Ra8 23. Bf4 Nb4 24. Re2 Na6 25. Red2 Qc6 26. Qe3 Nc5 27. Re2 Rad8 28. Bg3 Rd7 29. f4 e6 30. Qf3 Bf8 31. Bf2 Red8 32. Nd4 Qc8 33. f5 exf5 34. exf5 d5 35. Bh4 dxc4 36. Bxd8 Qxd8 37. Red2 Bh6 38. Ne6 fxe6 39. Rxd7 Nxd7 40. Qxb7 Qb6+ 41. Qxb6 Nxb6 42. fxe6 Kf8 43. bxc4 Ke7 44. Kf2 Kxe6 45. c5 Nxa4 46. Ra1 Nxc5 47. Rxa5 Bf8 48. Kf3 Bd6 49. Ra8 Be7 50. Ra7 h5 51. Ra1 Kf6 52. Rd1 Ne6 53. Rd5 Ng5+ 54. Ke2 Nf7 55. Kf3 Bd6 56. Ra5 Ng5+ 57. Ke3 Bg3 58. Rb5 Nf7 59. Kf3 Bd6 60. Ra5 Be5 61. Ra8 Nd6 62. Rf8+ Kg5 63. Ra8 Bc3 64. Rd8 Nf5 65. Rd5 Kh6 66. Rd7 Nh4+ 67. Kf2 Bb4 68. Rd5 Nf5 69. Kf3 Bc3 70. Rxf5 gxf5 71. g4 f4 72. Kxf4 h4 73. g5+ Kh5 74. g6 Kxg6 75. Kf3 Kf5 76. Kg2 Kf4 77. Kg1 Kg3 78. Kh1 Bd4 1/2-1/2

[Event "European Women-ch 2023"]
[Site "Petrovac"]
[Date "2023.03.21"]
[Round "4.5"]
[White "Olde, Margareth"]
[Black "Balajayeva, Khanim"]
[Result "1/2-1/2"]
[WhiteElo "2234"]
[BlackElo "2372"]
[Annotator "TA"]
[PlyCount "103"]
[EventDate "2023.03.15"]
[EventType "swiss"]
[EventCountry "MNE"]
[SourceTitle "playchess.com"]
[Source "ChessBase"]
[SourceQuality "1"]

1. d4 d5 2. Nf3 Nf6 3. c4 c6 4. e3 Bf5 5. Nc3 e6 6. Nh4 Be4 7. f3 Bg6 8. Qb3 Qc7 9. Bd2 Be7 10. g3 O-O 11. Nxg6 hxg6 12. Rc1 dxc4 13. Qxc4 Nbd7 14. Bg2 Rad8 15. f4 a6 16. b4 Qd6 17. Ne4 Nxe4 18. Bxe4 Nb6 19. Qb3 g5 20. O-O Nd5 21. a3 f5 22. Bg2 gxf4 23. Bxd5 cxd5 24. gxf4 Rc8 25. b5 Qxa3 26. Qxa3 Bxa3 27. Rxc8 Rxc8 28. bxa6 bxa6 29. Ra1 Be7 30. Rxa6 Rc2 31. Ba5 Kf7 32. Ra7 Ke8 33. Ra8+ Kf7 34. Ra7 Ra2 35. Bb6 Rxa7 36. Bxa7 Ke8 37. Bb8 Kd7 38. Be5 g6 39. Kf2 Kc6 40. Ke2 Kb5 41. Kd3 Kb4 42. Bc7 Kb3 43. Ba5 Kb2 44. Kd2 Bd6 45. Bc3+ Kb3 46. Kd3 Bc7 47. Be1 Kb2 48. Bh4 Ba5 49. Be7 Kc1 50. Ke2 Kc2 51. Bf6 Bb4 52. Bd8 1/2-1/2

[Event "European Women-ch 2023"]
[Site "Petrovac"]
[Date "2023.03.21"]
[Round "4.5"]
[White "Lehaci, Miruna-Daria"]
[Black "Hapala, Elisabeth"]
[Result "1-0"]
[WhiteElo "2202"]
[BlackElo "2072"]
[Annotator "TA"]
[PlyCount "71"]
[EventDate "2023.03.15"]
[EventType "swiss"]
[EventCountry "MNE"]
[SourceTitle "playchess.com"]
[Source "ChessBase"]
[SourceQuality "1"]

1. e4 c5 2. Nf3 e6 3. d4 cxd4 4. Nxd4 Nc6 5. Bf4 a6 6. Nxc6 bxc6 7. Bd3 d5 8. Nd2 Nf6 9. O-O Be7 10. c4 d4 11. e5 Nd7 12. Ne4 Nc5 13. Nxc5 Bxc5 14. Qg4 Kf8 15. Be4 Bd7 16. Rad1 h5 17. Qf3 Qb6 18. Bc1 Be8 19. Rd3 Rd8 20. Rfd1 Be7 21. Qf4 c5 22. Rb3 Qc7 23. Rb7 Qc8 24. Ra7 Bc6 25. Qf3 Bxe4 26. Qxe4 h4 27. Bd2 Rh5 28. Ba5 Re8 29. Bc7 g6 30. Rd3 h3 31. Rf3 Kg7 32. Bd6 Qd8 33. g4 Rh4 34. Qf4 Kh8 35. Bxe7 Qa5 36. Qf6+ 1-0

[Event "European Women-ch 2023"]
[Site "Petrovac"]
[Date "2023.03.21"]
[Round "4.6"]
[White "Javakhishvili, Lela"]
[Black "Vega Gutierrez, Sabrina"]
[Result "1/2-1/2"]
[WhiteElo "2443"]
[BlackElo "2361"]
[Annotator "TA"]
[PlyCount "92"]
[EventDate "2023.03.15"]
[EventType "swiss"]
[EventCountry "MNE"]
[SourceTitle "playchess.com"]
[Source "ChessBase"]
[SourceQuality "1"]

1. c4 e6 2. g3 d5 3. Bg2 Nf6 4. Nf3 Be7 5. O-O O-O 6. d4 c6 7. b3 b6 8. Bb2 Nbd7 9. Nc3 Ba6 10. Qd3 Rc8 11. Rac1 Qc7 12. e4 dxe4 13. Nxe4 c5 14. dxc5 Nxc5 15. Nxc5 bxc5 16. Be5 Qb6 17. Ng5 Rfd8 18. Qc2 h6 19. Ne4 Bb7 20. Nxf6+ Bxf6 21. Bxf6 gxf6 22. Rcd1 Kg7 23. Bxb7 Qxb7 24. Qe2 Qc7 25. Qg4+ Kh7 26. Rfe1 Rxd1 27. Rxd1 Rd8 28. Rxd8 Qxd8 29. Qh5 Qc7 30. Qf3 Kg7 31. Qc3 a5 32. a3 Qd8 33. h4 e5 34. Kg2 e4 35. f3 Qd1 36. fxe4 Qe2+ 37. Kg1 Qxe4 38. Kf2 h5 39. Qe3 Qf5+ 40. Kg2 Qc2+ 41. Qf2 Qe4+ 42. Kh2 Qe5 43. Qd2 Qe4 44. Qxa5 Qe2+ 45. Kg1 Qe3+ 46. Kg2 Qe2+ 1/2-1/2

[Event "European Women-ch 2023"]
[Site "Petrovac"]
[Date "2023.03.21"]
[Round "4.6"]
[White "Mammadova, Gulnar"]
[Black "Kubicka, Anna"]
[Result "1/2-1/2"]
[WhiteElo "2358"]
[BlackElo "2211"]
[Annotator "TA"]
[PlyCount "108"]
[EventDate "2023.03.15"]
[EventType "swiss"]
[EventCountry "MNE"]
[SourceTitle "playchess.com"]
[Source "ChessBase"]
[SourceQuality "1"]

1. c4 e5 2. Nf3 Nc6 3. Nc3 Nf6 4. e3 Be7 5. Qb3 O-O 6. Be2 h6 7. d3 d6 8. O-O Rb8 9. a3 Be6 10. Nd5 b5 11. Qc2 bxc4 12. dxc4 e4 13. Nxf6+ Bxf6 14. Qxe4 d5 15. Qc2 dxc4 16. Bxc4 Bxc4 17. Qxc4 Na5 18. Qc2 Nb3 19. Rb1 Qe7 20. Bd2 a5 21. Rfd1 Rfd8 22. Bc3 Rxd1+ 23. Rxd1 Qc5 24. Rd3 Qc4 25. Nd2 Nxd2 26. Qxd2 Bxc3 27. Rxc3 Qa2 28. Rxc7 Qxb2 29. Rc8+ Kh7 30. Qd3+ g6 31. Rxb8 Qxb8 32. h4 h5 33. Qd5 Qc7 34. a4 Kg8 35. g3 Qb6 36. Kg2 Qb4 37. Qd8+ Kh7 38. Qd4 Qb7+ 39. e4 Qb4 40. Qd5 Kg7 41. Qc6 Qe1 42. Qc4 Qb4 43. Qc2 Qe1 44. Kf3 Kg8 45. Kf4 Qb4 46. Ke3 Qa3+ 47. Ke2 Qb4 48. e5 Qd4 49. f4 Qd5 50. Ke3 Kg7 51. Qc3 Kh7 52. Qc2 Kg8 53. Qc8+ Kg7 54. Qc2 Kg8 1/2-1/2

[Event "European Women-ch 2023"]
[Site "Petrovac"]
[Date "2023.03.21"]
[Round "4.6"]
[White "Richterova, Natasa"]
[Black "Walter, Ema"]
[Result "1-0"]
[WhiteElo "2190"]
[BlackElo "2048"]
[Annotator "TA"]
[PlyCount "187"]
[EventDate "2023.03.15"]
[EventType "swiss"]
[EventCountry "MNE"]
[SourceTitle "playchess.com"]
[Source "ChessBase"]
[SourceQuality "1"]

1. e4 e5 2. Nf3 Nc6 3. Bb5 Nge7 4. Nc3 Ng6 5. d4 exd4 6. Nxd4 Nxd4 7. Qxd4 c6 8. Be2 Qb6 9. Qd3 Be7 10. O-O d6 11. a4 O-O 12. a5 Qc7 13. f4 Bd7 14. Be3 b5 15. axb6 axb6 16. g3 b5 17. Bf3 Rfd8 18. Ne2 Be6 19. b3 Bf6 20. Rxa8 Rxa8 21. Nd4 Bd7 22. Rd1 Rd8 23. Qe2 Nf8 24. Qf2 Re8 25. Qd2 Rd8 26. Bf2 g6 27. Ne2 Bc8 28. Bd4 Bxd4+ 29. Qxd4 Bb7 30. Qf6 h6 31. Kg2 Nh7 32. Qd4 Nf8 33. Qf6 Nh7 34. Qd4 Nf8 35. f5 c5 36. Qd2 gxf5 37. exf5 Re8 38. Nf4 Bxf3+ 39. Kxf3 Qe7 40. Kf2 Qg5 41. Qd3 Re5 42. Kg2 Rxf5 43. Qxd6 Rf6 44. Qd5 Qg4 45. h3 Qc8 46. Qe5 Qc6+ 47. Qd5 Qe8 48. Rd2 Qc8 49. Qe5 Rf5 50. Qe4 Rf6 51. Nd5 Re6 52. Ne7+ Kh8 53. Nxc8 Rxe4 54. Nd6 Re3 55. Nxb5 Kg7 56. Kf2 Re5 57. Nc7 Re7 58. Na6 Ne6 59. Rd5 Nd4 60. Rxc5 Re2+ 61. Kf1 Rh2 62. Nb4 Nf3 63. Rf5 Nd4 64. Rf2 Rxh3 65. Kg2 Rh5 66. Rd2 Nf5 67. Rd3 Rg5 68. c4 h5 69. Kf2 Nh6 70. Nd5 Ng4+ 71. Ke2 Rf5 72. Rf3 Re5+ 73. Kd2 f5 74. Ne3 Nh6 75. b4 Kf7 76. b5 Ke6 77. Kc3 Kd6 78. Kb4 Kc7 79. Nd5+ Kb7 80. Re3 Re4 81. Rf3 h4 82. gxh4 Rxh4 83. Kc5 Re4 84. Nf6 Re5+ 85. Kb4 Re6 86. Nd5 Re4 87. Ne3 Re5 88. c5 f4 89. Nc4 Re4 90. c6+ Kc8 91. b6 Nf5 92. Ra3 Kb8 93. c7+ Kb7 94. Ra7+ 1-0

[Event "European Women-ch 2023"]
[Site "Petrovac"]
[Date "2023.03.21"]
[Round "4.7"]
[White "Socko, Monika"]
[Black "Bivol, Alina"]
[Result "1-0"]
[WhiteElo "2432"]
[BlackElo "2365"]
[Annotator "TA"]
[PlyCount "75"]
[EventDate "2023.03.15"]
[EventType "swiss"]
[EventCountry "MNE"]
[SourceTitle "playchess.com"]
[Source "ChessBase"]
[SourceQuality "1"]

1. e4 e5 2. Nf3 Nc6 3. Bc4 d6 4. d4 Nf6 5. d5 Ne7 6. Bd3 g6 7. c4 Bg7 8. Nc3 O-O 9. h3 Nd7 10. g4 c6 11. Be3 cxd5 12. cxd5 f5 13. gxf5 gxf5 14. Ng5 Nf6 15. Qb3 fxe4 16. Ncxe4 Nxe4 17. Bxe4 h6 18. Ne6 Bxe6 19. dxe6 d5 20. O-O-O d4 21. Bd2 Rf6 22. Rhg1 Qc8+ 23. Kb1 Qxe6 24. Qxb7 Re8 25. f3 a6 26. Rc1 Kh8 27. Rc7 Bf8 28. Rc6 Qf7 29. Rxa6 Bg7 30. Ra7 Qe6 31. Bb4 Bf8 32. a4 Qxh3 33. Qb5 Qh5 34. a5 Nf5 35. Qd7 Ne7 36. Rb7 Qf7 37. Bd6 Re6 38. a6 1-0

[Event "European Women-ch 2023"]
[Site "Petrovac"]
[Date "2023.03.21"]
[Round "4.7"]
[White "Abdulla, Khayala"]
[Black "Gaponenko, Inna"]
[Result "0-1"]
[WhiteElo "2221"]
[BlackElo "2349"]
[Annotator "TA"]
[PlyCount "107"]
[EventDate "2023.03.15"]
[EventType "swiss"]
[EventCountry "MNE"]
[SourceTitle "playchess.com"]
[Source "ChessBase"]
[SourceQuality "1"]

1. e4 c5 2. Nf3 Nc6 3. d4 cxd4 4. Nxd4 g6 5. c4 Nf6 6. Nc3 d6 7. Be2 Nxd4 8. Qxd4 Bg7 9. Bg5 O-O 10. Qe3 Be6 11. O-O Qb6 12. Qd2 Rfc8 13. b3 a6 14. Rfc1 Rab8 15. Be3 Qa5 16. a3 b5 17. b4 Qd8 18. e5 Ng4 19. Bxg4 Bxg4 20. cxb5 axb5 21. exd6 Qxd6 22. Qxd6 exd6 23. Nd5 Bxa1 24. Ne7+ Kf8 25. Nxc8 Rxc8 26. Rxa1 Ke7 27. a4 bxa4 28. Rxa4 Rc4 29. Ra7+ Bd7 30. Rb7 Kd8 31. f3 Kc8 32. Rb6 Kc7 33. Kf2 f5 34. Ra6 Rxb4 35. Ra7+ Kc6 36. Kg3 d5 37. Ra6+ Kc7 38. Bf4+ Kb7 39. Rd6 Bc6 40. Re6 d4 41. Rd6 Kb6 42. Rd8 Ra4 43. Be5 Kc5 44. h4 Bb5 45. Kf4 d3+ 46. Kg5 Ra2 47. g4 fxg4 48. fxg4 Rg2 49. h5 gxh5 50. Kxh5 Bc4 51. g5 d2 52. Bd6+ Kc6 53. Bb4 d1=Q+ 54. Rxd1 0-1

[Event "European Women-ch 2023"]
[Site "Petrovac"]
[Date "2023.03.21"]
[Round "4.7"]
[White "Pavlidou, Ekaterini"]
[Black "Pirvulescu, Ekaterina"]
[Result "0-1"]
[WhiteElo "2178"]
[BlackElo "2032"]
[Annotator "TA"]
[PlyCount "74"]
[EventDate "2023.03.15"]
[EventType "swiss"]
[EventCountry "MNE"]
[SourceTitle "playchess.com"]
[Source "ChessBase"]
[SourceQuality "1"]

1. d4 d5 2. Bf4 Nf6 3. e3 c5 4. Nf3 Nc6 5. c3 Qb6 6. Qb3 c4 7. Qc2 Bf5 8. Qc1 h6 9. h3 e6 10. Nbd2 Be7 11. Be2 Qd8 12. Ne5 Nxe5 13. Bxe5 O-O 14. g4 Bh7 15. Bxf6 Bxf6 16. f4 Bh4+ 17. Kf1 b5 18. a4 a6 19. Bf3 Bd3+ 20. Be2 Bh7 21. Bf3 b4 22. Kg2 Rb8 23. Ra2 Qd6 24. Qg1 bxc3 25. bxc3 Rb6 26. Qh2 Rfb8 27. f5 Qxh2+ 28. Kxh2 Rb2 29. Rha1 Bg5 30. Kh1 Bxe3 31. Rxb2 Rxb2 32. Rb1 Rxb1+ 33. Nxb1 Bc1 34. a5 g6 35. fxe6 fxe6 36. g5 Bxg5 37. Na3 Bd8 0-1

[Event "European Women-ch 2023"]
[Site "Petrovac"]
[Date "2023.03.21"]
[Round "4.8"]
[White "Tsolakidou, Stavroula"]
[Black "Danielian, Elina"]
[Result "0-1"]
[WhiteElo "2358"]
[BlackElo "2431"]
[Annotator "TA"]
[PlyCount "82"]
[EventDate "2023.03.15"]
[EventType "swiss"]
[EventCountry "MNE"]
[SourceTitle "playchess.com"]
[Source "ChessBase"]
[SourceQuality "1"]

1. e4 e6 2. d4 d5 3. e5 c5 4. c3 Nc6 5. Nf3 Bd7 6. Be2 Nge7 7. O-O Nf5 8. dxc5 Bxc5 9. Bd3 Nh4 10. Nbd2 Ng6 11. Nb3 Bb6 12. Re1 O-O 13. Nbd4 Qb8 14. Bxg6 fxg6 15. Qd3 a6 16. h4 Bc7 17. Qe3 h6 18. Bd2 Ne7 19. g4 Nc6 20. Kg2 Rf7 21. Qe2 Qd8 22. Rh1 Qe7 23. Raf1 Raf8 24. b3 Qd8 25. Bc1 Qb8 26. Ba3 Rc8 27. Re1 Rf4 28. Nxc6 Bxc6 29. Nd4 Re4 30. Qd3 Bxe5 31. Nxc6 Rxg4+ 32. Kh3 Rxc6 33. Kxg4 h5+ 34. Kf3 Rxc3 35. Ke2 Rxd3 36. Kxd3 Qc7 37. Bb4 Bf6 38. Bd2 e5 39. f3 Qd7 40. Ref1 e4+ 41. Ke2 Qb5+ 0-1